000 00488nmm a2200157Ia 4500
008 251105s9999||||xx |||||||||||||||||und||
020 _a9788490648889
041 _aspa
100 _aLeón Medina, Francisco José
245 0 _aKarl Marx. Entre la ciencia y la revolución
264 _a[Madrid, España] :
_bUniversitat Oberta de Catalunya,
_c2011
300 _a112 páginas
650 _aPhilosophy, Ethics
856 _uhttps://public.digitaliapublishing.com/a/30663
942 _cCF
999 _c87770
_d87770